[Event "DVM U14 2020"]
[Site "Willingen GER"]
[Date "2021.06.25"]
[Round "4"]
[White "Jiang, Luke"]
[Black "Deiters, Clemens"]
[Result "1-0"]
[Termination "normal"]
[Board "6.4"]
[WhiteElo "1358"]
[BlackElo "1361"]
[WhiteClock "00:18:42"]
[BlackClock "00:12:36"]
[WhiteTeam "SV Empor Berlin e.V."]
[BlackTeam "Schachklub König Plauen"]
[PlyCount "135"]
[WhiteFideId "16292065"]
[BlackFideId "16240243"]
[EventCountry "GER"]
[EventRounds "7"]
[EventType "team-swiss"]
[EventDate "2021.06.23"]

1. e4 {[%clk 1:30:58]} 1... c5 {[%clk 1:30:51]} 2. Nf3 {[%clk 1:31:18]} 2... e6
{[%clk 1:31:11]} 3. d4 {[%clk 1:31:08]} 3... cxd4 {[%clk 1:31:03]} 4. Nxd4 {
[%clk 1:31:20]} 4... Nc6 {[%clk 1:30:55]} 5. Be3 {[%clk 1:30:36]} 5... a6 {
[%clk 1:30:40]} 6. c3 {[%clk 1:29:28]} 6... Qc7 {[%clk 1:30:45]} 7. Be2 { [%clk
1:27:02]} 7... b5 {[%clk 1:26:28]} 8. Nd2 {[%clk 1:24:48]} 8... Bb7 { [%clk
1:26:07]} 9. f3 {[%clk 1:21:06]} 9... Be7 {[%clk 1:23:14]} 10. N2b3 { [%clk
1:19:10]} 10... Nf6 {[%clk 1:18:26]} 11. O-O {[%clk 1:16:00]} 11... O-O { [%clk
1:14:48]} 12. Nxc6 {[%clk 1:13:47]} 12... Bxc6 {[%clk 1:14:04]} 13. Qc2 { [%clk
1:03:04]} 13... Bd6 {[%clk 1:00:30]} 14. h3 {[%clk 0:52:54]} 14... Be7 { [%clk
0:56:59]} 15. Bg5 {[%clk 0:49:48]} 15... d5 {[%clk 0:48:46]} 16. Bd3 { [%clk
0:47:48]} 16... h6 {[%clk 0:46:29]} 17. Bh4 {[%clk 0:46:55]} 17... dxe4 { [%clk
0:41:37]} 18. Bxe4 {[%clk 0:43:16]} 18... Nxe4 {[%clk 0:40:52]} 19. Bxe7 19...
Qxe7 {[%clk 0:41:17]} 20. fxe4 {[%clk 0:43:42]} 20... e5 {[%clk 0:39:24]} 21.
Na5 {[%clk 0:40:48]} 21... Bd7 {[%clk 0:38:58]} 22. Rad1 {[%clk 0:40:21]} 22...
Be6 {[%clk 0:35:37]} 23. b4 {[%clk 0:36:57]} 23... Rac8 {[%clk 0:34:26]} 24.
Qb2 {[%clk 0:35:22]} 24... Rc7 {[%clk 0:32:13]} 25. Rd3 {[%clk 0:33:57]} 25...
Bc4 {[%clk 0:29:27]} 26. Nxc4 {[%clk 0:33:52]} 26... Rxc4 {[%clk 0:29:53] } 27.
Qe2 {[%clk 0:31:41]} 27... Rfc8 {[%clk 0:29:17]} 28. Rff3 {[%clk 0:31:30] }
28... Qh4 {[%clk 0:25:44]} 29. Rfe3 {[%clk 0:30:46]} 29... Qe7 { [%clk
0:24:28]} 30. Qd2 {[%clk 0:29:37]} 30... R8c6 {[%clk 0:21:01]} 31. Qe1 { [%clk
0:27:54]} 31... Qa7 {[%clk 0:18:56]} 32. Kh1 {[%clk 0:27:33]} 32... f6 { [%clk
0:17:55]} 33. Qd2 {[%clk 0:26:33]} 33... a5 {[%clk 0:17:16]} 34. Rd7 { [%clk
0:24:53]} 34... Rc7 {[%clk 0:17:16]} 35. Rxc7 {[%clk 0:22:40]} 35... Qxc7
{[%clk 0:17:29]} 36. Qd5+ {[%clk 0:22:22]} 36... Kh7 {[%clk 0:17:25]} 37. Qxb5
{[%clk 0:20:33]} 37... axb4 {[%clk 0:13:55]} 38. cxb4 {[%clk 0:19:49]} 38...
Rc1+ {[%clk 0:13:47]} 39. Kh2 {[%clk 0:20:13]} 39... Qc2 {[%clk 0:13:40]} 40.
Re2 {[%clk 0:19:56]} 40... Qd1 {[%clk 0:13:25]} 41. a4 {[%clk 0:19:25]} 41...
h5 {[%clk 0:10:27]} 42. Kg3 {[%clk 0:13:08]} 42... Qg1 {[%clk 0:26:38]} 43. Qd3
{[%clk 0:32:12]} 43... Qf1 {[%clk 0:23:13]} 44. Qf3 {[%clk 0:31:27]} 44... Rc3
{[%clk 0:23:30]} 45. Re3 {[%clk 0:30:56]} 45... Rxe3 {[%clk 0:23:37]} 46. Qxe3
{[%clk 0:31:16]} 46... g5 {[%clk 0:23:33]} 47. Kh2 {[%clk 0:30:09]} 47... h4 {
[%clk 0:23:29]} 48. Qf3 {[%clk 0:29:41]} 48... Qe1 {[%clk 0:23:05]} 49. b5 {
[%clk 0:29:11]} 49... Kg7 {[%clk 0:23:08]} 50. Qb3 {[%clk 0:28:21]} 50... Qxe4
{[%clk 0:22:57]} 51. b6 {[%clk 0:26:56]} 51... Qf4+ {[%clk 0:22:13]} 52. Kg1 {
[%clk 0:26:39]} 52... e4 {[%clk 0:21:11]} 53. b7 {[%clk 0:24:55]} 53... e3 {
[%clk 0:20:49]} 54. Qb2 {[%clk 0:22:38]} 54... Qb8 {[%clk 0:18:00]} 55. a5 {
[%clk 0:22:06]} 55... Qa7 {[%clk 0:17:35]} 56. Qb6 {[%clk 0:21:26]} 56... e2 {
[%clk 0:16:44]} 57. Kf2 {[%clk 0:20:43]} 57... Qb8 {[%clk 0:16:48]} 58. Kxe2 {
[%clk 0:19:02]} 58... Qe5+ {[%clk 0:16:58]} 59. Kd3 {[%clk 0:18:31]} 59... Qd5+
{[%clk 0:17:00]} 60. Kc3 {[%clk 0:18:35]} 60... Qe5+ {[%clk 0:16:55]} 61. Kc4 {
[%clk 0:18:22]} 61... Qe4+ {[%clk 0:16:46]} 62. Kc5 {[%clk 0:18:14]} 62... Qe5+
{[%clk 0:16:46]} 63. Kc6 {[%clk 0:18:09]} 63... Qe6+ {[%clk 0:14:41]} 64. Kc7 {
[%clk 0:18:09]} 64... Qe5+ {[%clk 0:14:41]} 65. Kc8 {[%clk 0:18:01]} 65... Qe8+
{[%clk 0:14:20]} 66. Qd8 {[%clk 0:18:16]} 66... Qb5 {[%clk 0:13:01]} 67. Qd7+ {
[%clk 0:18:19]} 67... Qxd7+ {[%clk 0:12:36]} 68. Kxd7 {[%clk 0:18:42]} 1-0

[Event "DVM U14 2020"]
[Site "Willingen GER"]
[Date "2021.06.25"]
[Round "4"]
[White "Bungarten, Jona"]
[Black "Schwartz, Oliver"]
[Result "0-1"]
[Termination "normal"]
[Board "7.1"]
[WhiteElo "1843"]
[BlackElo "1835"]
[WhiteClock "00:13:30"]
[BlackClock "00:11:10"]
[WhiteTeam "Schachfreunde Brackel 1930 e. V."]
[BlackTeam "SC Ostfildern 1952 e.V."]
[PlyCount "64"]
[WhiteFideId "16223608"]
[BlackFideId "16207459"]
[EventCountry "GER"]
[EventRounds "7"]
[EventType "team-swiss"]
[EventDate "2021.06.23"]

1. e4 {[%clk 1:30:59]} 1... c5 {[%clk 1:30:54]} 2. d4 {[%clk 1:31:25]} 2...
cxd4 {[%clk 1:31:20]} 3. c3 {[%clk 1:31:51]} 3... Nf6 {[%clk 1:31:11]} 4. e5 {
[%clk 1:32:17]} 4... Nd5 {[%clk 1:31:34]} 5. Nf3 {[%clk 1:32:41]} 5... e6 {
[%clk 1:31:21]} 6. Bc4 {[%clk 1:32:20]} 6... Nb6 {[%clk 1:31:30]} 7. Bb3 {
[%clk 1:32:42]} 7... dxc3 {[%clk 1:30:56]} 8. Nxc3 {[%clk 1:32:40]} 8... d5 {
[%clk 1:30:31]} 9. O-O {[%clk 1:31:01]} 9... Be7 {[%clk 1:24:07]} 10. a3 {
[%clk 1:30:42]} 10... O-O {[%clk 1:23:22]} 11. Qd3 {[%clk 1:28:03]} 11... Nc6 {
[%clk 1:16:48]} 12. Bc2 {[%clk 1:28:18]} 12... g6 {[%clk 1:15:59]} 13. Re1 {
[%clk 1:22:33]} 13... Bd7 {[%clk 1:05:17]} 14. Qd2 {[%clk 1:18:40]} 14... Re8 {
[%clk 1:00:51]} 15. Qh6 {[%clk 1:18:07]} 15... Bf8 {[%clk 1:00:15]} 16. Qh3 {
[%clk 1:17:58]} 16... Be7 {[%clk 0:53:33]} 17. Qg3 {[%clk 1:13:35]} 17... Rc8 {
[%clk 0:51:27]} 18. Bb1 {[%clk 1:08:57]} 18... Na5 {[%clk 0:48:51]} 19. Bh6 {
[%clk 1:04:00]} 19... Na4 {[%clk 0:44:17]} 20. Nxd5 {[%clk 0:46:54]} 20... exd5
{[%clk 0:40:48]} 21. e6 {[%clk 0:45:26]} 21... Bxe6 22. Rxe6 {[%clk 0:45:44]}
22... Bf8 {[%clk 0:33:44]} 23. Bxg6 {[%clk 0:37:22]} 23... hxg6 {[%clk 0:28:29]
} 24. Rxg6+ {[%clk 0:37:31]} 24... fxg6 {[%clk 0:27:55]} 25. Qxg6+ { [%clk
0:37:54]} 25... Kh8 {[%clk 0:28:17]} 26. Bg5 {[%clk 0:29:58]} 26... Qc7 { [%clk
0:24:21]} 27. g3 {[%clk 0:16:30]} 27... Qh7 {[%clk 0:19:45]} 28. Qf6+ { [%clk
0:15:27]} 28... Bg7 {[%clk 0:19:16]} 29. Qd6 {[%clk 0:15:36]} 29... Qf5 { [%clk
0:15:46]} 30. Kg2 {[%clk 0:14:33]} 30... Nb3 {[%clk 0:12:42]} 31. Rd1 { [%clk
0:14:10]} 31... d4 {[%clk 0:11:52]} 32. Qb4 {[%clk 0:13:30]} 32... Nxb2 { [%clk
0:11:10]} 0-1

[Event "DVM U14 2020"]
[Site "Willingen GER"]
[Date "2021.06.25"]
[Round "4"]
[White "Chugunov, Ivan"]
[Black "Tomasjan, Samuel"]
[Result "1-0"]
[Termination "normal"]
[Board "7.2"]
[WhiteElo "1500"]
[BlackElo "1775"]
[WhiteClock "00:19:52"]
[BlackClock "00:15:39"]
[WhiteTeam "SC Ostfildern 1952 e.V."]
[BlackTeam "Schachfreunde Brackel 1930 e. V."]
[PlyCount "107"]
[WhiteFideId "16256808"]
[BlackFideId "16235584"]
[EventCountry "GER"]
[EventRounds "7"]
[EventType "team-swiss"]
[EventDate "2021.06.23"]

1. e4 {[%clk 1:30:45]} 1... e6 {[%clk 1:30:54]} 2. d4 {[%clk 1:31:00]} 2... d5
{[%clk 1:31:19]} 3. e5 {[%clk 1:30:42]} 3... c5 {[%clk 1:31:40]} 4. c3 { [%clk
1:31:04]} 4... Nc6 {[%clk 1:32:04]} 5. Nf3 {[%clk 1:31:20]} 5... Qb6 { [%clk
1:32:21]} 6. a3 {[%clk 1:31:31]} 6... cxd4 {[%clk 1:32:22]} 7. cxd4 { [%clk
1:31:40]} 7... Nge7 {[%clk 1:32:35]} 8. b4 {[%clk 1:31:20]} 8... Nf5 { [%clk
1:32:00]} 9. Bb2 {[%clk 1:30:57]} 9... Bd7 {[%clk 1:31:31]} 10. Be2 { [%clk
1:30:20]} 10... Rc8 {[%clk 1:30:43]} 11. O-O {[%clk 1:29:57]} 11... Nce7 {[%clk
1:30:20]} 12. Nc3 {[%clk 1:29:05]} 12... Ng6 {[%clk 1:28:16]} 13. g3 { [%clk
1:27:16]} 13... Be7 {[%clk 1:26:48]} 14. Rc1 {[%clk 1:26:38]} 14... O-O { [%clk
1:23:50]} 15. h4 {[%clk 1:25:05]} 15... Rfe8 {[%clk 1:18:39]} 16. Qd2 { [%clk
1:18:23]} 16... Nh6 {[%clk 1:15:17]} 17. Rfd1 {[%clk 1:15:10]} 17... f6 { [%clk
1:15:06]} 18. h5 {[%clk 1:14:08]} 18... Nh8 {[%clk 1:15:11]} 19. Bd3 { [%clk
1:13:08]} 19... N8f7 {[%clk 1:08:38]} 20. Ne2 {[%clk 1:12:26]} 20... Ng4 {[%clk
1:05:26]} 21. Nf4 {[%clk 1:10:48]} 21... fxe5 {[%clk 1:04:15]} 22. dxe5 {[%clk
1:09:59]} 22... Ng5 {[%clk 1:02:09]} 23. Nxg5 {[%clk 1:06:08]} 23... Bxg5
{[%clk 1:01:31]} 24. Bd4 {[%clk 1:04:33]} 24... Qd8 {[%clk 1:00:27]} 25. Rc3
{[%clk 0:56:49]} 25... Rxc3 {[%clk 0:59:58]} 26. Bxc3 {[%clk 0:57:06]} 26...
Rf8 {[%clk 1:00:16]} 27. Qe2 {[%clk 0:55:53]} 27... Bxf4 {[%clk 0:54:21]} 28.
Qxg4 {[%clk 0:54:46]} 28... Qc7 {[%clk 0:54:09]} 29. gxf4 {[%clk 0:47:05]}
29... Qxc3 {[%clk 0:53:54]} 30. h6 {[%clk 0:46:11]} 30... Rf7 {[%clk 0:49:04]}
31. Qg5 {[%clk 0:45:03]} 31... Qc8 {[%clk 0:49:05]} 32. Kh2 {[%clk 0:41:36]}
32... Qf8 {[%clk 0:47:19]} 33. Kg3 {[%clk 0:41:32]} 33... Kh8 {[%clk 0:43:45]}
34. Rh1 {[%clk 0:35:58]} 34... a6 {[%clk 0:37:30]} 35. Kf3 {[%clk 0:28:26]}
35... Bc6 {[%clk 0:34:01]} 36. Bxh7 {[%clk 0:27:30]} 36... gxh6 {[%clk 0:32:06]
} 37. Bd3 {[%clk 0:26:58]} 37... d4+ {[%clk 0:30:55]} 38. Be4 {[%clk 0:27:18]}
38... Bxe4+ {[%clk 0:31:13]} 39. Kxe4 {[%clk 0:27:37]} 39... Rh7 { [%clk
0:31:15]} 40. Qf6+ {[%clk 0:23:54]} 40... Qxf6 {[%clk 0:31:30]} 41. exf6 {[%clk
0:24:17]} 41... Kg8 {[%clk 0:19:09]} 42. Kxd4 {[%clk 0:21:04]} 42... Kf7 {[%clk
0:19:26]} 43. Ke5 {[%clk 0:21:28]} 43... h5 {[%clk 0:19:23]} 44. Rc1 { [%clk
0:20:37]} 44... h4 {[%clk 0:19:17]} 45. Rc7+ {[%clk 0:20:14]} 45... Kg6 { [%clk
0:18:43]} 46. Rxh7 {[%clk 0:20:34]} 46... Kxh7 {[%clk 0:19:05]} 47. Kxe6 {[%clk
0:20:50]} 47... h3 {[%clk 0:19:26]} 48. f7 {[%clk 0:21:15]} 48... h2 { [%clk
0:19:46]} 49. f8=Q {[%clk 0:21:26]} 49... h1=Q {[%clk 0:20:08]} 50. Qf5+ {[%clk
0:21:27]} 50... Kg8 51. Qd5 {[%clk 0:19:24]} 51... Qe1+ {[%clk 0:15:42]} 52.
Kf6+ {[%clk 0:19:31]} 52... Kh7 {[%clk 0:15:18]} 53. Qh5+ {[%clk 0:19:52]}
53... Kg8 {[%clk 0:15:39]} 54. Qf7+ 1-0

[Event "DVM U14 2020"]
[Site "Willingen GER"]
[Date "2021.06.25"]
[Round "4"]
[White "Zimanovic, Leon Daniel"]
[Black "Zabudkin, David"]
[Result "1/2-1/2"]
[Termination "normal"]
[Board "7.4"]
[WhiteElo "1386"]
[BlackElo "1059"]
[WhiteClock "00:08:19"]
[BlackClock "00:16:05"]
[WhiteTeam "SC Ostfildern 1952 e.V."]
[BlackTeam "Schachfreunde Brackel 1930 e. V."]
[PlyCount "101"]
[WhiteFideId "16275063"]
[BlackFideId "34605975"]
[EventCountry "GER"]
[EventRounds "7"]
[EventType "team-swiss"]
[EventDate "2021.06.23"]

1. e4 {[%clk 1:30:47]} 1... e5 {[%clk 1:30:56]} 2. Nc3 {[%clk 1:30:56]} 2...
Nc6 {[%clk 1:31:06]} 3. Bc4 {[%clk 1:30:50]} 3... Nf6 {[%clk 1:31:23]} 4. a3 {
[%clk 1:30:27]} 4... a5 {[%clk 1:31:04]} 5. Nf3 {[%clk 1:30:18]} 5... Bc5 {
[%clk 1:31:11]} 6. d3 {[%clk 1:29:22]} 6... h6 {[%clk 1:31:09]} 7. Be3 { [%clk
1:29:07]} 7... Bxe3 {[%clk 1:30:05]} 8. fxe3 {[%clk 1:29:01]} 8... d6 { [%clk
1:30:14]} 9. h3 {[%clk 1:29:01]} 9... O-O {[%clk 1:30:18]} 10. O-O { [%clk
1:28:21]} 10... Ne7 {[%clk 1:29:41]} 11. Nh4 {[%clk 1:25:26]} 11... c6 { [%clk
1:28:29]} 12. Qe1 {[%clk 1:22:14]} 12... d5 {[%clk 1:26:00]} 13. Ba2 { [%clk
1:18:07]} 13... Kh8 {[%clk 1:23:11]} 14. Qg3 {[%clk 1:13:49]} 14... Qc7 { [%clk
1:11:47]} 15. Nf5 {[%clk 1:09:07]} 15... Nxf5 {[%clk 1:09:59]} 16. exf5 { [%clk
1:08:40]} 16... b5 {[%clk 1:07:34]} 17. e4 {[%clk 1:02:44]} 17... b4 { [%clk
1:05:49]} 18. axb4 {[%clk 0:59:51]} 18... axb4 {[%clk 1:04:59]} 19. Ne2 { [%clk
0:56:26]} 19... dxe4 {[%clk 1:04:19]} 20. dxe4 {[%clk 0:52:20]} 20... Nxe4
{[%clk 1:03:48]} 21. Qh4 {[%clk 0:48:52]} 21... Qb6+ {[%clk 1:01:43]} 22. Kh1
{[%clk 0:44:40]} 22... Nf6 {[%clk 1:01:04]} 23. Ng3 {[%clk 0:43:05]} 23... Qd4
{[%clk 0:58:25]} 24. Qxd4 {[%clk 0:41:21]} 24... exd4 {[%clk 0:58:44]} 25. Bc4
{[%clk 0:39:46]} 25... Rb8 {[%clk 0:53:03]} 26. Ra5 {[%clk 0:35:29]} 26... Nd7
{[%clk 0:47:03]} 27. Re1 {[%clk 0:34:21]} 27... Nb6 {[%clk 0:43:43]} 28. Bb3
{[%clk 0:32:41]} 28... g6 {[%clk 0:41:42]} 29. Re7 {[%clk 0:28:56]} 29... Bxf5
{[%clk 0:32:10]} 30. Nxf5 {[%clk 0:26:57]} 30... gxf5 {[%clk 0:25:39]} 31. Bxf7
{[%clk 0:26:57]} 31... Rbc8 {[%clk 0:25:39]} 32. Rxf5 {[%clk 0:26:23]} 32...
Nd5 {[%clk 0:24:54]} 33. Rd7 {[%clk 0:20:50]} 33... Rc7 {[%clk 0:24:00]} 34.
Rfxd5 {[%clk 0:18:51]} 34... Rxf7 {[%clk 0:23:13]} 35. Rxc7 {[%clk 0:18:08] }
35... Rf1+ {[%clk 0:21:44]} 36. Kh2 {[%clk 0:17:23]} 36... cxd5 { [%clk
0:22:05]} 37. Rc5 {[%clk 0:14:48]} 37... Rc1 {[%clk 0:20:46]} 38. b3 { [%clk
0:14:31]} 38... d3 {[%clk 0:19:51]} 39. Rxd5 {[%clk 0:14:33]} 39... dxc2 {[%clk
0:19:24]} 40. Rc5 {[%clk 0:14:44]} 40... Rb1 {[%clk 0:16:49]} 41. Rxc2 { [%clk
0:14:27]} 41... Rxb3 {[%clk 0:17:10]} 42. Rc5 {[%clk 0:14:22]} 42... Rc3 {[%clk
0:16:55]} 43. Rb5 {[%clk 0:14:15]} 43... b3 {[%clk 0:17:13]} 44. h4 { [%clk
0:14:15]} 44... Kg7 {[%clk 0:17:19]} 45. g3 {[%clk 0:11:08]} 45... Kf6 { [%clk
0:16:16]} 46. Kg2 {[%clk 0:09:49]} 46... Rc2+ {[%clk 0:16:05]} 47. Kf3 { [%clk
0:08:19]} 47... b2 48. g4 Ke6 49. Ke3 Kd6 50. Kd3 Rh2 51. g5 1/2-1/2

[Event "DVM U14 2020"]
[Site "Willingen GER"]
[Date "2021.06.25"]
[Round "4"]
[White "Klaska, Philipp Leon"]
[Black "Yin, Haode"]
[Result "0-1"]
[Termination "normal"]
[Board "8.1"]
[WhiteElo "1755"]
[BlackElo "1759"]
[WhiteClock "00:07:02"]
[BlackClock "00:23:13"]
[WhiteTeam "Düsseldorfer Schachverein 1854"]
[BlackTeam "SchachAkademiePaderborn e. V."]
[PlyCount "112"]
[WhiteFideId "16238044"]
[BlackFideId "16261348"]
[EventCountry "GER"]
[EventRounds "7"]
[EventType "team-swiss"]
[EventDate "2021.06.23"]

1. e4 {[%clk 1:30:50]} 1... e6 {[%clk 1:30:50]} 2. d4 {[%clk 1:31:08]} 2... d5
{[%clk 1:31:12]} 3. Nd2 {[%clk 1:31:26]} 3... dxe4 {[%clk 1:31:21]} 4. Nxe4 {
[%clk 1:31:34]} 4... Nd7 {[%clk 1:31:24]} 5. Nf3 {[%clk 1:31:09]} 5... Ngf6 {
[%clk 1:31:35]} 6. Nxf6+ {[%clk 1:30:33]} 6... Nxf6 {[%clk 1:31:53]} 7. c3 {
[%clk 1:29:50]} 7... Be7 {[%clk 1:31:30]} 8. Bd3 {[%clk 1:28:49]} 8... O-O {
[%clk 1:31:02]} 9. O-O {[%clk 1:28:26]} 9... b6 {[%clk 1:29:15]} 10. Bg5 {
[%clk 1:22:43]} 10... Bb7 {[%clk 1:27:45]} 11. Qe2 {[%clk 1:21:36]} 11... Rc8 {
[%clk 1:22:02]} 12. Rad1 {[%clk 1:19:27]} 12... Nd7 {[%clk 1:17:39]} 13. Bf4 {
[%clk 1:14:24]} 13... a5 {[%clk 1:10:19]} 14. Rfe1 {[%clk 1:10:45]} 14... Nf6 {
[%clk 1:01:38]} 15. Bg3 {[%clk 1:03:34]} 15... h6 {[%clk 0:55:44]} 16. h3 {
[%clk 0:56:18]} 16... Kh8 {[%clk 0:51:34]} 17. Be5 {[%clk 0:52:14]} 17... Bd6 {
[%clk 0:47:22]} 18. Bc2 {[%clk 0:41:46]} 18... Qe7 {[%clk 0:37:46]} 19. Nd2 {
[%clk 0:36:35]} 19... Rfd8 {[%clk 0:32:38]} 20. Bxf6 {[%clk 0:30:30]} 20...
Qxf6 {[%clk 0:32:18]} 21. Be4 {[%clk 0:30:27]} 21... Bxe4 {[%clk 0:30:29]} 22.
Nxe4 {[%clk 0:29:40]} 22... Qf4 {[%clk 0:30:04]} 23. Nxd6 {[%clk 0:26:49]}
23... Rxd6 {[%clk 0:29:43]} 24. Qe5 {[%clk 0:25:18]} 24... Qxe5 {[%clk 0:28:35]
} 25. Rxe5 {[%clk 0:25:16]} 25... c5 {[%clk 0:21:40]} 26. d5 {[%clk 0:14:07]}
26... Rcd8 {[%clk 0:20:58]} 27. c4 {[%clk 0:11:13]} 27... Kh7 {[%clk 0:16:24]}
28. Rh5 {[%clk 0:04:33]} 28... f6 {[%clk 0:14:37]} 29. Re1 {[%clk 0:03:40]}
29... exd5 {[%clk 0:14:38]} 30. Rxd5 {[%clk 0:02:21]} 30... Rxd5 { [%clk
0:15:04]} 31. cxd5 {[%clk 0:02:47]} 31... Rxd5 {[%clk 0:15:24]} 32. Re6 { [%clk
0:02:23]} 32... b5 {[%clk 0:15:21]} 33. a4 {[%clk 0:01:39]} 33... bxa4 { [%clk
0:11:14]} 34. Ra6 {[%clk 0:01:47]} 34... c4 {[%clk 0:10:59]} 35. Rc6 { [%clk
0:01:57]} 35... Rb5 {[%clk 0:11:13]} 36. Rxc4 {[%clk 0:02:11]} 36... Rxb2
{[%clk 0:11:18]} 37. Rxa4 {[%clk 0:02:35]} 37... Rb5 {[%clk 0:11:44]} 38. f3 {
[%clk 0:01:52]} 38... Kg6 {[%clk 0:12:00]} 39. Kf2 {[%clk 0:01:38]} 39... Re5 {
[%clk 0:11:41]} 40. g4 {[%clk 0:01:05]} 40... Kf7 {[%clk 0:11:19]} 41. f4 {
[%clk 0:28:14]} 41... Rd5 {[%clk 0:39:34]} 42. Rc4 {[%clk 0:24:55]} 42... Rd7 {
[%clk 0:39:18]} 43. Ra4 {[%clk 0:24:24]} 43... Ra7 {[%clk 0:38:40]} 44. Ke3 {
[%clk 0:24:16]} 44... Ke6 {[%clk 0:38:49]} 45. Ke4 {[%clk 0:22:18]} 45... Kd6 {
[%clk 0:38:19]} 46. Kd4 {[%clk 0:22:38]} 46... Kc6 {[%clk 0:38:21]} 47. Kc4 {
[%clk 0:22:42]} 47... Kb6 {[%clk 0:38:20]} 48. Ra1 {[%clk 0:20:41]} 48... Rc7+
{[%clk 0:37:20]} 49. Kd5 {[%clk 0:18:53]} 49... Rd7+ {[%clk 0:33:04]} 50. Ke6 {
[%clk 0:16:36]} 50... Ra7 {[%clk 0:31:13]} 51. Kd5 {[%clk 0:13:01]} 51... a4 {
[%clk 0:29:05]} 52. Rb1+ {[%clk 0:12:23]} 52... Ka5 {[%clk 0:26:25]} 53. Kc6 {
[%clk 0:10:49]} 53... a3 {[%clk 0:25:33]} 54. Kc5 {[%clk 0:08:38]} 54... Rc7+ {
[%clk 0:25:09]} 55. Kd6 {[%clk 0:08:30]} 55... a2 {[%clk 0:23:13]} 56. Rb8 {
[%clk 0:07:02]} 56... Ra7 0-1

[Event "DVM U14 2020"]
[Site "Willingen GER"]
[Date "2021.06.25"]
[Round "4"]
[White "Rohm, Linus"]
[Black "Dordevic, Tom"]
[Result "1/2-1/2"]
[Termination "normal"]
[Board "8.2"]
[WhiteElo "1581"]
[BlackElo "1556"]
[WhiteClock "00:32:59"]
[BlackClock "00:04:22"]
[WhiteTeam "SchachAkademiePaderborn e. V."]
[BlackTeam "Düsseldorfer Schachverein 1854"]
[PlyCount "88"]
[WhiteFideId "16298217"]
[BlackFideId "16260503"]
[EventCountry "GER"]
[EventRounds "7"]
[EventType "team-swiss"]
[EventDate "2021.06.23"]

1. d4 {[%clk 1:30:59]} 1... d5 {[%clk 1:30:54]} 2. Bf4 {[%clk 1:31:23]} 2...
Nf6 {[%clk 1:31:16]} 3. e3 {[%clk 1:31:48]} 3... c5 {[%clk 1:31:41]} 4. c3 {
[%clk 1:32:05]} 4... Nc6 {[%clk 1:31:32]} 5. Nd2 {[%clk 1:32:12]} 5... Bf5 {
[%clk 1:31:50]} 6. Ngf3 {[%clk 1:29:46]} 6... e6 {[%clk 1:31:12]} 7. Bb5 {
[%clk 1:27:56]} 7... Be7 {[%clk 1:29:22]} 8. Ne5 {[%clk 1:27:15]} 8... Qb6 {
[%clk 1:28:31]} 9. Qb3 {[%clk 1:24:45]} 9... Rc8 {[%clk 1:25:56]} 10. O-O {
[%clk 1:21:57]} 10... O-O {[%clk 1:25:41]} 11. Bxc6 {[%clk 1:22:05]} 11... bxc6
{[%clk 1:25:57]} 12. h3 {[%clk 1:21:19]} 12... Rfd8 {[%clk 1:23:14]} 13. Rfe1 {
[%clk 1:17:06]} 13... cxd4 {[%clk 1:21:54]} 14. exd4 {[%clk 1:16:27]} 14... c5
{[%clk 1:20:37]} 15. Qxb6 {[%clk 1:12:15]} 15... axb6 {[%clk 1:20:59]} 16. Rac1
{[%clk 1:11:23]} 16... cxd4 {[%clk 1:12:48]} 17. cxd4 {[%clk 1:11:39]} 17...
Bd6 {[%clk 1:12:24]} 18. g4 {[%clk 1:06:51]} 18... Bc2 {[%clk 1:02:32]} 19. Be3
{[%clk 1:02:31]} 19... Bxe5 {[%clk 0:53:38]} 20. dxe5 {[%clk 1:02:47]} 20...
Nd7 {[%clk 0:53:56]} 21. Bd4 {[%clk 1:01:05]} 21... Bg6 {[%clk 0:51:10]} 22. f4
{[%clk 0:54:50]} 22... Nc5 {[%clk 0:47:30]} 23. Bxc5 {[%clk 0:53:52]} 23...
Rxc5 {[%clk 0:40:11]} 24. Rxc5 {[%clk 0:53:35]} 24... bxc5 {[%clk 0:40:37]} 25.
Nb3 {[%clk 0:53:47]} 25... Rb8 {[%clk 0:39:47]} 26. Re2 {[%clk 0:51:14]} 26...
Rc8 {[%clk 0:33:14]} 27. Rf2 {[%clk 0:47:48]} 27... Be4 {[%clk 0:25:30]} 28.
Kf1 {[%clk 0:43:08]} 28... d4 {[%clk 0:19:56]} 29. Ke1 {[%clk 0:43:18]} 29...
Bd5 {[%clk 0:20:05]} 30. Rc2 {[%clk 0:42:00]} 30... Bxb3 {[%clk 0:19:25]} 31.
axb3 {[%clk 0:42:19]} 31... Kf8 {[%clk 0:19:47]} 32. Kd2 {[%clk 0:41:45]} 32...
Rb8 {[%clk 0:12:58]} 33. Rxc5 {[%clk 0:41:58]} 33... Rxb3 {[%clk 0:13:23]} 34.
f5 {[%clk 0:40:00]} 34... exf5 {[%clk 0:11:09]} 35. gxf5 {[%clk 0:37:13]} 35...
Rxb2+ {[%clk 0:11:34]} 36. Kd3 36... Rb3+ {[%clk 0:11:52]} 37. Kxd4 { [%clk
0:37:25]} 37... Rxh3 {[%clk 0:12:09]} 38. f6 {[%clk 0:37:12]} 38... gxf6 {[%clk
0:12:27]} 39. exf6 {[%clk 0:37:26]} 39... Ke8 {[%clk 0:12:12]} 40. Rc7 { [%clk
0:37:14]} 40... Rh1 {[%clk 0:06:26]} 41. Re7+ {[%clk 0:36:11]} 41... Kf8 {[%clk
0:06:35]} 42. Rc7 {[%clk 0:36:31]} 42... Re1 {[%clk 0:03:57]} 43. Rc8+ { [%clk
0:32:50]} 43... Re8 {[%clk 0:04:22]} 44. Rc5 {[%clk 0:32:59]} 44... Re6 1/2-1/2